| 000 | 00653cam a2200229 4500 | ||
|---|---|---|---|
| 001 | ABS62079 | ||
| 008 | 000000n2000 000 0 eng u | ||
| 035 | _a(Sirsi) u104895 | ||
| 100 | _aSmit, J. | ||
| 245 | _aBalancing act | ||
| 260 | _c2000 | ||
| 490 |
_aBuilding Homes _v(3) March 2000, 26-30(5) |
||
| 520 | _aDescribes some examples of mixed tenure and integrated housing developments and suggests they are the way ahead. | ||
| 590 | _aABS | ||
| 650 | _aSOCIAL HOUSING | ||
| 650 | _aHOUSING ASSOCIATIONS | ||
| 650 | _aPRIVATE DEVELOPERS | ||
| 650 | _aHOUSING DEVELOPMENT | ||
| 650 | _aMIXED TENURE | ||
| 690 | _aHOUSING | ||
| 942 | _n0 | ||
| 999 |
_c62925 _d62925 |
||